书目信息 |
| 题名: |
别无选择
|
|
| 作者: | 范恒山 编著 | |
| 分册: | ||
| 出版信息: | 北京 中国经济出版社 1999.01 |
|
| 页数: | 461页 | |
| 开本: | 32开 | |
| 丛书名: | ||
| 单 册: | ||
| 中图分类: | F121 | |
| 科图分类: | ||
| 主题词: | 经济--中国 | |
| 电子资源: | ||
| ISBN: | 7-5017-2051-7 | |
| 000 | 00538nam0 2200193 45 | |
| 001 | 0103280924 | |
| 005 | 20010328100009.8 | |
| 010 | @a7-5017-2051-7@d23.00元 | |
| 100 | @a20010328d1999 km y0chiy0120 ea | |
| 101 | 0 | @achi |
| 105 | @a z 000yy | |
| 200 | 1 | @a别无选择@ABie Wu Xuan Ze@f范恒山等编著@FFan Heng Shan Deng Bian Zhu |
| 210 | @a北京@c中国经济出版社@d1999.01 | |
| 215 | @a461页@d32开 | |
| 606 | 0 | @a经济@x中国 |
| 690 | @aF121@v3 | |
| 701 | 0 | @a范恒山@4编著 |
| 801 | @aCN@bPftUser@c20010328 | |
| 905 | @b333526-527@dF121@eF784@f2 | |
| 别无选择/范恒山等编著.-北京:中国经济出版社,1999.01 |
| 461页;32开 |
| ISBN 7-5017-2051-7:23.00元 |
| ● |
| 相关链接 |
|
|
|
正题名:别无选择
索取号:F121/F784
 
预约/预借
| 序号 | 登录号 | 条形码 | 馆藏地/架位号 | 状态 | 备注 |
| 1 | 333526 | 203335266 | 社科库409/409社科库 68排2列2层/ [索取号:F121/F784] | 在馆 | |
| 2 | 333527 | 203335275 | 社科二线422/409社科库 68排2列2层/ [索取号:F121/F784] | 在馆 |